000 01046nam a2200193 a 4500
008 120416s1961 ||||||||||||||||| || u
020 _a0070992525
050 _aTS 205 Cam
100 _aCampbell, James S
245 1 0 _aPrinciples of manufacturing materials and processes
260 _aNew Delhi
_bMcGraw-Hill
_c1961
300 _aix, 674p.
350 _a0.00
650 _aMANUFACTURES
995 _aMAIN LIBRARY OPEN ACCESS
_D0.00
_e732235
_FCBU-MAIN LIBRARY (Kitwe)
_H4
_I0.00
_jTS 205 Cam
_M4
_UAVAILABLE
_y732235
_ZMain Library Open Access Collection
995 _aMAIN LIBRARY OPEN ACCESS
_D0.00
_e732237
_FCBU-MAIN LIBRARY (Kitwe)
_H3
_I0.00
_jTS 205 Cam
_M3
_UAVAILABLE
_WJun 19, 2006
_y44903
_ZMain Library Open Access Collection
995 _aMAIN LIBRARY OPEN ACCESS
_D0.00
_e732236
_FCBU-MAIN LIBRARY (Kitwe)
_H1
_I0.00
_jTS 205 Cam
_M1
_UAVAILABLE
_y44375
_ZMain Library Open Access Collection
995 _aBINDERY (DAMAGED)
_D0.00
_e724322
_FCBU-MAIN LIBRARY (Kitwe)
_H2
_I0.00
_jTS 205 Cam
_M2
_UDAMAGED
_WMay 29, 2006
_y008114
_ZMain Library Open Access Collection
999 _c77339
_d77339